[Event "GER M-467 D email"]
[Site "GER email"]
[Date "2012.??.??"]
[Round "?"]
[White "Bommhardt, Harry"]
[Black "Giering, Guido"]
[Result "1/2-1/2"]
[WhiteElo "2228"]
[BlackElo "2029"]
[PlyCount "78"]
[EventDate "2011.??.??"]
[EventType "tourn (corr)"]
[EventRounds "1"]
[EventCountry "GER"]
[SourceTitle "Corr 2015"]
[Source "ChessBase"]
[SourceDate "2015.07.17"]
[SourceVersion "1"]
[SourceVersionDate "2015.07.17"]
[SourceQuality "1"]

1. d4 Nf6 2. c4 e6 3. Nc3 Bb4 4. Qc2 Nc6 5. Nf3 d6 6. Bd2 0-0 7. a3 Bxc3 8. Bxc3 Re8 9. 0-0-0 Qe7 10. e3 e5 11. h3 e4 12. Nd2 d5 13. g4 dxc4 14. Bxc4 Be6 15. g5 Nd5 16. Rdg1 Nxc3 17. Qxc3 Rad8 18. Bxe6 Qxe6 19. Qc2 Na5 20. Kb1 Qd5 21. Rc1 Re7 22. Rhg1 b6 23. Rg4 Rde8 24. b4 Nb7 25. Qc6 Qxc6 26. Rxc6 Nd6 27. Kb2 Rf8 28. Rf4 f6 29. gxf6 Rxf6 30. Rxf6 gxf6 31. Nb1 Ne8 32. Nc3 f5 33. Nd5 Rg7 34. Rc2 Kf8 35. Kb3 Rd7 36. Nf4 Kf7 37. a4 Ke7 38. b5 Rd6 39. Rc1 Kf7 1/2-1/2

[Event "GER M-467 D email"]
[Site "GER email"]
[Date "2011.07.11"]
[Round "?"]
[White "Preusse, Goetz"]
[Black "Bommhardt, Harry"]
[Result "1/2-1/2"]
[WhiteElo "2018"]
[BlackElo "2228"]
[PlyCount "73"]
[EventDate "2011.??.??"]
[EventType "tourn (corr)"]
[EventRounds "1"]
[EventCountry "GER"]
[SourceTitle "Corr 2015"]
[Source "ChessBase"]
[SourceDate "2015.07.17"]
[SourceVersion "1"]
[SourceVersionDate "2015.07.17"]
[SourceQuality "1"]

1. d4 d5 2. c4 c6 3. Nf3 Nf6 4. Nc3 e6 5. Bg5 h6 6. Bxf6 Qxf6 7. e3 Nd7 8. Bd3 dxc4 9. Bxc4 g6 10. 0-0 Bg7 11. a3 0-0 12. Rc1 Rd8 13. Re1 b6 14. e4 Bb7 15. e5 Qe7 16. Qc2 a6 17. Ba2 Rac8 18. Qe4 b5 19. b4 a5 20. Qb1 axb4 21. axb4 Bf8 22. Qc2 Kg7 23. Rb1 c5 24. bxc5 Nxc5 25. Nxb5 Na6 26. Qe2 Nb4 27. Nd6 Bxf3 28. Qxf3 Nxa2 29. Rb7 Rc3 30. Rxe7 Rxf3 31. Re8 Bxd6 32. Rxd8 Bb4 33. Re3 Rxe3 34. fxe3 f5 35. exf6+ Kxf6 36. Kf2 Nc3 37. Kf3 1/2-1/2

[Event "GER M-456 D email"]
[Site "GER email"]
[Date "2010.??.??"]
[Round "?"]
[White "Bommhardt, Harry"]
[Black "Fiensch, Guenter"]
[Result "1/2-1/2"]
[WhiteElo "2180"]
[BlackElo "2110"]
[PlyCount "70"]
[EventDate "2010.??.??"]
[EventType "tourn (corr)"]
[EventRounds "1"]
[EventCountry "GER"]
[SourceTitle "Corr 2015"]
[Source "ChessBase"]
[SourceDate "2015.07.17"]
[SourceVersion "1"]
[SourceVersionDate "2015.07.17"]
[SourceQuality "1"]

1. e4 c5 2. Nf3 d6 3. d4 cxd4 4. Nxd4 Nf6 5. Nc3 a6 6. Bg5 e6 7. f4 Qb6 8. Nb3 Nbd7 9. Qf3 Qc7 10. Bd3 b5 11. 0-0 Be7 12. Bxf6 Nxf6 13. e5 Bb7 14. Qg3 Qb6+ 15. Kh1 Nh5 16. Qf2 Qxf2 17. Rxf2 f5 18. Na5 0-0-0 19. exd6 Rxd6 20. a4 b4 21. Na2 Rd4 22. Nxb7 Kxb7 23. g3 g5 24. fxg5 Bxg5 25. Nc1 Rd6 26. Nb3 Rc8 27. Na5+ Ka7 28. Nc4 Rd4 29. b3 Ng7 30. Re2 h5 31. Kg2 h4 32. Rae1 Bd8 33. Ne5 hxg3 34. hxg3 Bf6 35. Bc4 Rd6 1/2-1/2

[Event "GER-ch41 V01 Post"]
[Site "GER email"]
[Date "2010.??.??"]
[Round "?"]
[White "Bommhardt, Harry"]
[Black "Schepers, Herbert"]
[Result "1/2-1/2"]
[WhiteElo "2228"]
[BlackElo "2131"]
[PlyCount "46"]
[EventDate "2010.??.??"]
[EventType "tourn (corr)"]
[EventRounds "12"]
[EventCountry "GER"]
[SourceTitle "Corr 2015"]
[Source "ChessBase"]
[SourceDate "2015.07.17"]
[SourceVersion "1"]
[SourceVersionDate "2015.07.17"]
[SourceQuality "1"]

1. e4 e5 2. Nf3 Nf6 3. Nxe5 d6 4. Nf3 Nxe4 5. d4 d5 6. Bd3 Nc6 7. 0-0 Be7 8. Re1 Bg4 9. c4 Nf6 10. Nc3 Nxd4 11. cxd5 Bxf3 12. gxf3 c5 13. d6 Qxd6 14. Nb5 Nxb5 15. Bxb5+ Kf8 16. Qe2 h6 17. Bf4 Qxf4 18. Qxe7+ Kg8 19. Rac1 b6 20. Bc4 Rf8 21. Rcd1 Kh7 22. Bxf7 Qxf3 23. Bb3 Qg4+ 1/2-1/2

[Event "GER M-456 D email"]
[Site "GER email"]
[Date "2010.??.??"]
[Round "?"]
[White "Bommhardt, Harry"]
[Black "Schmidt, Volkmar"]
[Result "1/2-1/2"]
[WhiteElo "2180"]
[BlackElo "2141"]
[PlyCount "84"]
[EventDate "2010.??.??"]
[EventType "tourn (corr)"]
[EventRounds "1"]
[EventCountry "GER"]
[SourceTitle "Corr 2015"]
[Source "ChessBase"]
[SourceDate "2015.07.17"]
[SourceVersion "1"]
[SourceVersionDate "2015.07.17"]
[SourceQuality "1"]

1. e4 c5 2. Nf3 Nc6 3. d4 cxd4 4. Nxd4 Nf6 5. Nc3 e5 6. Ndb5 d6 7. Bg5 a6 8. Na3 b5 9. Bxf6 gxf6 10. Nd5 f5 11. Bd3 Be6 12. 0-0 Bxd5 13. exd5 Ne7 14. c3 Bg7 15. Qh5 e4 16. Be2 0-0 17. Nc2 Rc8 18. Rfd1 Rc5 19. Ne3 f4 20. Nf5 Re8 21. a4 bxa4 22. Rxa4 Nxf5 23. Qxf5 Qf6 24. Qxf6 Bxf6 25. Rxa6 Rb8 26. Rxd6 Be5 27. Rc6 Rxc6 28. dxc6 Rxb2 29. Bf1 e3 30. fxe3 fxe3 31. Re1 Rb6 32. Rxe3 Bd6 33. Rf3 Rxc6 34. g3 Kg7 35. Kg2 Be5 36. c4 Ra6 37. Bd3 Ra3 38. h4 h6 39. Kh3 Bd6 40. Kg4 Bc7 41. Kh3 Bd6 42. Kh2 Ra1 1/2-1/2

[Event "GER-ch41 V01 Post"]
[Site "GER email"]
[Date "2010.??.??"]
[Round "?"]
[White "Bommhardt, Harry"]
[Black "Tacke Ungruh, Reinhard"]
[Result "1/2-1/2"]
[WhiteElo "2228"]
[BlackElo "2139"]
[PlyCount "96"]
[EventDate "2010.??.??"]
[EventType "tourn (corr)"]
[EventRounds "12"]
[EventCountry "GER"]
[SourceTitle "Corr 2015"]
[Source "ChessBase"]
[SourceDate "2015.07.17"]
[SourceVersion "1"]
[SourceVersionDate "2015.07.17"]
[SourceQuality "1"]

1. e4 e5 2. Nf3 Nf6 3. Nxe5 d6 4. Nf3 Nxe4 5. d4 d5 6. Bd3 Bd6 7. 0-0 0-0 8. c4 c6 9. Re1 Re8 10. cxd5 cxd5 11. Nc3 Nxc3 12. Rxe8+ Qxe8 13. bxc3 b6 14. Qb3 Be6 15. Ng5 Bf5 16. Bf1 Qc6 17. g4 Bc8 18. Bg2 Bb7 19. c4 Qc7 20. Qd3 g6 21. Qh3 f6 22. Ne6 Qd7 23. cxd5 Na6 24. Ba3 Nb4 25. Bxb4 Bxb4 26. Qb3 Bd6 27. a4 Rb8 28. h3 Qe7 29. a5 Bc8 30. axb6 axb6 31. Bf1 b5 32. Bd3 b4 33. Ra5 Kh8 34. Kf1 Qf7 35. Bc4 f5 36. Qd3 fxg4 37. hxg4 Bxe6 38. dxe6 Qf4 39. Ra6 Rf8 40. Qe2 h5 41. Rxd6 Qxd6 42. Bb5 Qe7 43. d5 Kh7 44. gxh5 Qh4 45. hxg6+ Kg8 46. Ke1 Qh1+ 47. Qf1 Qe4+ 48. Qe2 Qh1+ 1/2-1/2

[Event "GER-ch41 V01 Post"]
[Site "GER email"]
[Date "2010.??.??"]
[Round "?"]
[White "Vetter, Gerhard"]
[Black "Bommhardt, Harry"]
[Result "1/2-1/2"]
[WhiteElo "2163"]
[BlackElo "2228"]
[PlyCount "54"]
[EventDate "2010.??.??"]
[EventType "tourn (corr)"]
[EventRounds "12"]
[EventCountry "GER"]
[SourceTitle "Corr 2015"]
[Source "ChessBase"]
[SourceDate "2015.07.17"]
[SourceVersion "1"]
[SourceVersionDate "2015.07.17"]
[SourceQuality "1"]

1. e4 c5 2. Nf3 d6 3. d4 cxd4 4. Nxd4 Nf6 5. Nc3 a6 6. Bg5 e6 7. f4 Nbd7 8. Qe2 Qc7 9. 0-0-0 b5 10. a3 Bb7 11. g4 Be7 12. Kb1 h6 13. Bh4 Rc8 14. Bg2 Qc4 15. Qf3 b4 16. axb4 Qxb4 17. Be1 Qb6 18. Bf2 Qb4 19. Nb3 Rxc3 20. bxc3 Qxe4 21. Qxe4 Nxe4 22. Bd4 0-0 23. Kb2 Rb8 24. Rhg1 g5 25. fxg5 Bxg5 26. Ra1 d5 27. Rgd1 Rc8 1/2-1/2

[Event "GER-ch40 V01 email"]
[Site "GER email"]
[Date "2008.04.28"]
[Round "?"]
[White "Bommhardt, Harry"]
[Black "Schwarzmeier, Josef"]
[Result "1-0"]
[WhiteElo "2180"]
[BlackElo "2242"]
[PlyCount "95"]
[EventDate "2008.??.??"]
[EventType "tourn (corr)"]
[EventRounds "10"]
[EventCountry "GER"]
[SourceTitle "Corr 2011"]
[Source "ChessBase"]
[SourceDate "2010.08.31"]
[SourceVersion "1"]
[SourceVersionDate "2010.08.31"]
[SourceQuality "1"]

1. e4 c5 2. Nf3 d6 3. d4 cxd4 4. Nxd4 Nf6 5. Nc3 a6 6. Be3 e5 7. Nb3 Be6 8. Qd2 Nbd7 9. 0-0-0 b5 10. f3 Rc8 11. Kb1 Be7 12. g4 Nb6 13. g5 Nh5 14. Qf2 Nc4 15. Bxc4 bxc4 16. Nc5 0-0 17. Rhg1 g6 18. a3 Rc6 19. N5a4 Qb8 20. Nb6 f5 21. Nbd5 Qb7 22. Nxe7+ Qxe7 23. Qd2 Qb7 24. Ka1 f4 25. Bf2 Rb8 26. Rb1 Kh8 27. Rgd1 Qc8 28. Be1 a5 29. Nd5 Ra6 30. Qc3 Qc5 31. Rd2 Kg7 32. Bf2 Qc6 33. b3 cxb3 34. Rxb3 Rxb3 35. Qxb3 Kf7 36. c4 Ng7 37. Qb5 Bxd5 38. exd5 Qc8 39. Rb2 Kg8 40. c5 dxc5 41. Qb8 Ra8 42. Qxe5 a4 43. Qxf4 c4 44. Rb4 c3 45. Kb1 c2+ 46. Kb2 Qe8 47. Qe4 Qf7 48. Qc4 1-0

[Event "GER-ch40 V01 email"]
[Site "GER email"]
[Date "2008.04.28"]
[Round "?"]
[White "Lindenblatt, Ingo"]
[Black "Bommhardt, Harry"]
[Result "1/2-1/2"]
[WhiteElo "2032"]
[BlackElo "2180"]
[PlyCount "69"]
[EventDate "2008.??.??"]
[EventType "tourn (corr)"]
[EventRounds "10"]
[EventCountry "GER"]
[SourceTitle "Corr 2011"]
[Source "ChessBase"]
[SourceDate "2010.08.31"]
[SourceVersion "1"]
[SourceVersionDate "2010.08.31"]
[SourceQuality "1"]

1. e4 c5 2. Nf3 d6 3. d4 cxd4 4. Nxd4 Nf6 5. Nc3 a6 6. Be3 e5 7. Nb3 Be6 8. f3 Be7 9. Qd2 Nbd7 10. g4 b5 11. 0-0-0 Nb6 12. Na5 Qc7 13. g5 Nh5 14. a3 0-0 15. h4 Rab8 16. Rh2 g6 17. Kb1 Rfc8 18. Nd5 Bxd5 19. exd5 Nxd5 20. Qxd5 Qxa5 21. Ba7 Nf4 22. Qe4 Ra8 23. Be3 Nh5 24. Bh3 Rcb8 25. Bd7 b4 26. a4 Ng3 27. Qg4 Qc7 28. Qxg3 Qxd7 29. Qxe5 b3 30. Qe4 Re8 31. Qg4 Qxg4 32. fxg4 Bf8 33. Bb6 bxc2+ 34. Rxc2 Re4 35. Rd5 1/2-1/2

[Event "GER-ch40 V01 email"]
[Site "GER email"]
[Date "2008.04.28"]
[Round "?"]
[White "Lueues, Hans"]
[Black "Bommhardt, Harry"]
[Result "1/2-1/2"]
[WhiteElo "2310"]
[BlackElo "2180"]
[PlyCount "85"]
[EventDate "2008.??.??"]
[EventType "tourn (corr)"]
[EventRounds "10"]
[EventCountry "GER"]
[SourceTitle "Corr 2011"]
[Source "ChessBase"]
[SourceDate "2010.08.31"]
[SourceVersion "1"]
[SourceVersionDate "2010.08.31"]
[SourceQuality "1"]

1. e4 c5 2. Nf3 d6 3. d4 cxd4 4. Nxd4 Nf6 5. Nc3 a6 6. Be2 e5 7. Nb3 Be7 8. 0-0 Be6 9. f4 Qc7 10. f5 Bc4 11. Be3 Nbd7 12. a4 0-0 13. Bxc4 Qxc4 14. Qf3 a5 15. Nd2 Qb4 16. Nb5 Nc5 17. c3 Qxb2 18. Nc4 Qc2 19. Bxc5 dxc5 20. Rfe1 Rad8 21. Nxe5 c4 22. Nxc4 Bc5+ 23. Kh1 h5 24. g3 Ng4 25. Qe2 Qd3 26. Qxd3 Rxd3 27. Re2 h4 28. gxh4 Rh3 29. Kg2 Rxh2+ 30. Kf3 Rxh4 31. Kg3 Be7 32. Rd1 g5 33. fxg6 fxg6 34. Rd4 Nh6 35. Ne5 Re8 36. Rd7 Bf6 37. Nd4 Rc8 38. Re3 Re8 39. Rf3 Be7 40. Rf4 g5 41. Rxh4 gxh4+ 42. Kf4 Bf6 43. Ndf3 1/2-1/2

[Event "GER-ch40 V01 email"]
[Site "GER email"]
[Date "2008.04.28"]
[Round "?"]
[White "Nicklich, Wolfgang"]
[Black "Bommhardt, Harry"]
[Result "1/2-1/2"]
[WhiteElo "2201"]
[BlackElo "2180"]
[PlyCount "53"]
[EventDate "2008.??.??"]
[EventType "tourn (corr)"]
[EventRounds "10"]
[EventCountry "GER"]
[SourceTitle "Corr 2011"]
[Source "ChessBase"]
[SourceDate "2010.08.31"]
[SourceVersion "1"]
[SourceVersionDate "2010.08.31"]
[SourceQuality "1"]

1. e4 c5 2. c3 d5 3. exd5 Qxd5 4. d4 Nf6 5. Nf3 Bg4 6. Be2 e6 7. h3 Bh5 8. 0-0 Nc6 9. Be3 cxd4 10. cxd4 Be7 11. Nc3 Qd6 12. Qb3 0-0 13. Rfd1 Rfd8 14. a3 Na5 15. Qb5 Nc6 16. d5 Nxd5 17. Nxd5 exd5 18. Qxb7 Rdb8 19. Qa6 Rxb2 20. g4 Bg6 21. Bb5 Rc2 22. Ne1 Rc3 23. Rac1 Rxc1 24. Bxc1 Nd8 25. Qxd6 Bxd6 26. Rxd5 Bf8 27. a4 1/2-1/2

[Event "GER-ch37 V3 email"]
[Site "GER email"]
[Date "2007.??.??"]
[Round "?"]
[White "Bommhardt, Harry"]
[Black "Klapp, Herwig"]
[Result "1-0"]
[WhiteElo "2163"]
[BlackElo "2144"]
[PlyCount "111"]
[EventDate "2007.??.??"]
[EventType "tourn (corr)"]
[EventRounds "10"]
[EventCountry "GER"]
[SourceTitle "Corr 2008"]
[Source "ChessBase"]
[SourceDate "2008.06.24"]
[SourceVersion "1"]
[SourceVersionDate "2008.06.24"]
[SourceQuality "1"]

1. e4 e5 2. Nf3 Nc6 3. Bb5 a6 4. Ba4 Nf6 5. 0-0 Be7 6. Re1 b5 7. Bb3 d6 8. c3 0-0 9. h3 Na5 10. Bc2 c5 11. d4 cxd4 12. cxd4 Qc7 13. Nbd2 Nc6 14. Nb3 a5 15. Be3 a4 16. Nbd2 Bd7 17. Rc1 Rac8 18. Nf1 Qb8 19. Ng3 Rc7 20. Bb1 Rfc8 21. Qd2 b4 22. Bd3 b3 23. axb3 Qxb3 24. Ba6 Ra8 25. Bc4 Qb7 26. Ng5 Be8 27. Nf3 Na5 28. Ba2 Rxc1 29. Rxc1 Nb3 30. Bxb3 axb3 31. Qd3 d5 32. exd5 exd4 33. Bxd4 Nxd5 34. Nf5 Bd7 35. Nxg7 Nf4 36. Qe3 Bg5 37. Kh2 f6 38. Rg1 Qd5 39. Nxg5 fxg5 40. Bc3 Rf8 41. f3 h6 42. Re1 Bc6 43. Qa7 Qd7 44. Qa3 Rf7 45. Qxb3 Bd5 46. Qb8+ Kh7 47. Nf5 Rxf5 48. Ra1 Rf7 49. Qh8+ Kg6 50. Qg8+ Kf5 51. g4+ Ke6 52. Qb8 Qc7 53. Qe8+ Re7 54. Ra6+ Bc6 55. Qxc6+ Qxc6 56. Rxc6+ 1-0

[Event "GER-ch38 V03 email"]
[Site "GER email"]
[Date "2007.??.??"]
[Round "?"]
[White "Bommhardt, Harry"]
[Black "Schorra, Helmut"]
[Result "1-0"]
[WhiteElo "2156"]
[BlackElo "2091"]
[PlyCount "81"]
[EventDate "2007.??.??"]
[EventType "tourn (corr)"]
[EventRounds "8"]
[EventCountry "GER"]
[SourceTitle "Corr 2008"]
[Source "ChessBase"]
[SourceDate "2008.06.24"]
[SourceVersion "1"]
[SourceVersionDate "2008.06.24"]
[SourceQuality "1"]

1. e4 c5 2. c3 Nf6 3. e5 Nd5 4. Bc4 Nb6 5. Bb3 c4 6. Bc2 Nc6 7. Nf3 Qc7 8. Qe2 g5 9. e6 dxe6 10. Nxg5 Qe5 11. d4 cxd3 12. Bxd3 Qxe2+ 13. Bxe2 h6 14. Ne4 e5 15. Ng3 e6 16. 0-0 f5 17. Rd1 Bd7 18. a4 Ne7 19. Bh5+ Kd8 20. a5 Nbd5 21. b3 Kc7 22. c4 Nf6 23. Bb2 Nc6 24. Bf3 Nd4 25. Ne2 Nxf3+ 26. gxf3 Rg8+ 27. Kf1 Bd6 28. c5 Be7 29. Bxe5+ Kc8 30. a6 Bc6 31. Nd4 Nd7 32. Bd6 Bxd6 33. cxd6 e5 34. axb7+ Bxb7 35. Rc1+ Kb8 36. Nxf5 a5 37. Nd2 Ra6 38. Ne7 Rf8 39. Nc4 Rxf3 40. Rxa5 Rxb3 41. Ke1 1-0

[Event "GER-ch38 V03 email"]
[Site "GER email"]
[Date "2007.??.??"]
[Round "?"]
[White "Bommhardt, Harry"]
[Black "Thalmann, Frank"]
[Result "1/2-1/2"]
[WhiteElo "2156"]
[BlackElo "2344"]
[PlyCount "70"]
[EventDate "2007.??.??"]
[EventType "tourn (corr)"]
[EventRounds "8"]
[EventCountry "GER"]
[SourceTitle "Corr 2008"]
[Source "ChessBase"]
[SourceDate "2008.06.24"]
[SourceVersion "1"]
[SourceVersionDate "2008.06.24"]
[SourceQuality "1"]

1. e4 c5 2. c3 d5 3. exd5 Qxd5 4. d4 Nf6 5. Nf3 Bg4 6. Be2 e6 7. h3 Bh5 8. 0-0 Nc6 9. Be3 cxd4 10. Nxd4 Bxe2 11. Qxe2 Be7 12. Nxc6 Qxc6 13. Nd2 0-0 14. Rfe1 Nd5 15. Bd4 Bf6 16. Bxf6 Nxf6 17. Nf3 Rfd8 18. Rad1 a6 19. c4 b5 20. Ne5 Qb6 21. b3 Rac8 22. Rxd8+ Rxd8 23. Rd1 Rxd1+ 24. Qxd1 bxc4 25. Nxc4 Qc7 26. Qd6 Qxd6 27. Nxd6 Kf8 28. Nb7 Nd5 29. Nc5 Nb4 30. a3 Nc2 31. Kf1 Nxa3 32. Nxa6 Ke7 33. Ke2 Kd6 34. Kd3 Ke5 35. g4 f6 1/2-1/2

[Event "GER-ch38 V03 email"]
[Site "GER email"]
[Date "2007.??.??"]
[Round "?"]
[White "Langheld, Werner"]
[Black "Bommhardt, Harry"]
[Result "0-1"]
[WhiteElo "2056"]
[BlackElo "2156"]
[PlyCount "88"]
[EventDate "2007.??.??"]
[EventType "tourn (corr)"]
[EventRounds "8"]
[EventCountry "GER"]
[SourceTitle "Corr 2008"]
[Source "ChessBase"]
[SourceDate "2008.06.24"]
[SourceVersion "1"]
[SourceVersionDate "2008.06.24"]
[SourceQuality "1"]

1. d4 d5 2. e4 dxe4 3. Nc3 Nf6 4. f3 exf3 5. Nxf3 Bg4 6. Qd3 Nbd7 7. h3 Bxf3 8. Qxf3 c6 9. g4 h6 10. h4 e6 11. g5 hxg5 12. hxg5 Rxh1 13. Qxh1 Nd5 14. Nxd5 cxd5 15. Bf4 Qa5+ 16. c3 0-0-0 17. Qh2 Be7 18. Qh7 Qa4 19. Be3 e5 20. Qf5 Bd6 21. Bg2 g6 22. Qxf7 exd4 23. Bxd4 Qc2 24. Qxd5 Nc5 25. Qf3 Re8+ 26. Kf1 Qxb2 27. Rd1 Qxa2 28. Kg1 Kc7 29. Qh3 Qc2 30. Rf1 a5 31. Qh7+ Re7 32. Qg8 Qd3 33. Qa8 Qb5 34. Qh8 Ne6 35. Bf6 Rd7 36. Qh4 a4 37. c4 Qb3 38. Kh1 Bg3 39. Qh3 Qe3 40. Qh8 Nxg5 41. Bxg5 Qxg5 42. Bh3 Rd8 43. Qh7+ Kb8 44. Rb1 Bc7 0-1

[Event "GER-ch38 V03 email"]
[Site "GER email"]
[Date "2007.??.??"]
[Round "?"]
[White "Rohr, Dieter"]
[Black "Bommhardt, Harry"]
[Result "1/2-1/2"]
[WhiteElo "2200"]
[BlackElo "2156"]
[PlyCount "58"]
[EventDate "2007.??.??"]
[EventType "tourn (corr)"]
[EventRounds "8"]
[EventCountry "GER"]
[SourceTitle "Corr 2008"]
[Source "ChessBase"]
[SourceDate "2008.06.24"]
[SourceVersion "1"]
[SourceVersionDate "2008.06.24"]
[SourceQuality "1"]

1. e4 c5 2. Nf3 d6 3. d4 cxd4 4. Nxd4 Nf6 5. Nc3 a6 6. Be2 e5 7. Nb3 Be7 8. 0-0 0-0 9. a4 Be6 10. f4 exf4 11. Bxf4 Nc6 12. Kh1 Rc8 13. Qe1 Ne8 14. Rd1 Bf6 15. Nc5 Qe7 16. Nxe6 fxe6 17. Bg4 Be5 18. Nd5 exd5 19. Bxe5 Rxf1+ 20. Qxf1 Rd8 21. Bg3 dxe4 22. Qc4+ Kh8 23. Qe6 Nf6 24. Rxd6 Qf8 25. Rxd8 Nxd8 26. Qf5 Qe8 27. h3 Kg8 28. Bh4 Nxg4 29. Qxg4 Nf7 1/2-1/2

[Event "GER-ch37 V3 email"]
[Site "GER email"]
[Date "2007.??.??"]
[Round "?"]
[White "Traut, Werner"]
[Black "Bommhardt, Harry"]
[Result "0-1"]
[WhiteElo "2107"]
[BlackElo "2163"]
[PlyCount "86"]
[EventDate "2007.??.??"]
[EventType "tourn (corr)"]
[EventRounds "10"]
[EventCountry "GER"]
[SourceTitle "Corr 2008"]
[Source "ChessBase"]
[SourceDate "2008.06.24"]
[SourceVersion "1"]
[SourceVersionDate "2008.06.24"]
[SourceQuality "1"]

1. e4 d5 2. exd5 Nf6 3. d4 Nxd5 4. Nf3 g6 5. c4 Nb6 6. h3 Bg7 7. Nc3 0-0 8. Be3 Nc6 9. Qd2 e5 10. d5 Ne7 11. g4 e4 12. Nxe4 f5 13. Nc5 fxg4 14. Ng5 Nf5 15. Nce6 Bxe6 16. Nxe6 Qf6 17. 0-0-0 Nxe3 18. fxe3 g3 19. Rg1 Qf2 20. Be2 Bh6 21. Kb1 Rf7 22. Qd3 g2 23. Bg4 Re8 24. e4 Be3 25. Rge1 Ree7 26. b3 Nd7 27. Qc3 Nf6 28. Rxe3 Nxg4 29. hxg4 g1Q 30. Rxg1 Qxg1+ 31. Re1 Qxg4 32. Qe3 Qf3 33. Kc2 Qxe3 34. Rxe3 Rf2+ 35. Kd3 b6 36. e5 Kf7 37. Nd8+ Ke8 38. Nc6 Rg7 39. e6 g5 40. Re2 Rxe2 41. Kxe2 g4 42. Kf2 h5 43. Nd4 h4 0-1

[Event "GER-ch35 V3 email"]
[Site "GER email"]
[Date "2003.03.22"]
[Round "?"]
[White "Bommhardt, Harry"]
[Black "Delfs, Gunter"]
[Result "1/2-1/2"]
[WhiteElo "2187"]
[BlackElo "2164"]
[PlyCount "68"]
[EventDate "2003.03.22"]
[EventType "tourn (corr)"]
[EventRounds "10"]
[EventCountry "GER"]
[SourceTitle "Corr 2008"]
[Source "ChessBase"]
[SourceDate "2008.06.24"]
[SourceVersion "1"]
[SourceVersionDate "2008.06.24"]
[SourceQuality "1"]

1. d4 Nf6 2. c4 e6 3. Nc3 Bb4 4. e3 0-0 5. Bd3 d5 6. cxd5 exd5 7. Nge2 Re8 8. Bd2 c6 9. Qc2 Nbd7 10. 0-0 Bd6 11. f3 c5 12. Nb5 Be7 13. dxc5 Nxc5 14. Rac1 a6 15. Nbd4 Nxd3 16. Qxd3 Bd6 17. Nf4 Qe7 18. Rfe1 Qe5 19. h4 Bd7 20. Bc3 Qe7 21. Nf5 Bxf5 22. Qxf5 Bc5 23. Bxf6 Bxe3+ 24. Kf1 Qxf6 25. Qxf6 gxf6 26. Nxd5 Bxc1 27. Nxf6+ Kf8 28. Nxe8 Bxb2 29. Nd6 b5 30. Nf5 b4 31. Re7 a5 32. Rb7 Bc3 33. Ke2 a4 34. Kd3 Rd8+ 1/2-1/2

[Event "GER-ch35 V3 email"]
[Site "GER email"]
[Date "2003.03.22"]
[Round "?"]
[White "Geissler, Walter"]
[Black "Bommhardt, Harry"]
[Result "1/2-1/2"]
[WhiteElo "2156"]
[BlackElo "2187"]
[PlyCount "77"]
[EventDate "2003.03.22"]
[EventType "tourn (corr)"]
[EventRounds "10"]
[EventCountry "GER"]
[SourceTitle "Corr 2008"]
[Source "ChessBase"]
[SourceDate "2008.06.24"]
[SourceVersion "1"]
[SourceVersionDate "2008.06.24"]
[SourceQuality "1"]

1. e4 c5 2. Nf3 Nc6 3. d4 cxd4 4. Nxd4 Nf6 5. Nc3 e5 6. Ndb5 d6 7. Bg5 a6 8. Na3 b5 9. Bxf6 gxf6 10. Nd5 Bg7 11. c3 f5 12. exf5 Bxf5 13. Nc2 0-0 14. Nce3 Be6 15. Bd3 f5 16. 0-0 e4 17. Nf4 Bf7 18. Bc2 Be5 19. Nfd5 Qh4 20. g3 Qh3 21. f4 Bg7 22. Nc7 Rac8 23. Ncd5 Kh8 24. Bb3 b4 25. Nxb4 Nxb4 26. cxb4 d5 27. Bxd5 Rfd8 28. Rf2 Qh6 29. Rc1 Rxc1 30. Qxc1 Rxd5 31. Qc8+ Bf8 32. Nxd5 Bxd5 33. Qxf5 Bxa2 34. Qxe4 Qb6 35. f5 Bg7 36. Kg2 Qd6 37. Qe8+ Bg8 38. b5 Bd4 39. Rf4 1/2-1/2

[Event "GER-ch35 V3 email"]
[Site "GER email"]
[Date "2003.03.22"]
[Round "?"]
[White "Schulze, Guenter"]
[Black "Bommhardt, Harry"]
[Result "1/2-1/2"]
[WhiteElo "2148"]
[BlackElo "2187"]
[PlyCount "52"]
[EventDate "2003.03.22"]
[EventType "tourn (corr)"]
[EventRounds "10"]
[EventCountry "GER"]
[SourceTitle "Corr 2008"]
[Source "ChessBase"]
[SourceDate "2008.06.24"]
[SourceVersion "1"]
[SourceVersionDate "2008.06.24"]
[SourceQuality "1"]

1. d4 Nf6 2. c4 e6 3. Nc3 Bb4 4. Bd2 0-0 5. e3 d5 6. Nf3 c6 7. a3 Bd6 8. c5 Bc7 9. b4 Nbd7 10. b5 Ne4 11. bxc6 Nxd2 12. Nxd2 bxc6 13. Qa4 Ba5 14. Rc1 e5 15. Nb3 Bxc3+ 16. Rxc3 Qf6 17. Be2 a5 18. 0-0 Ba6 19. Bxa6 Rxa6 20. Nd2 Re8 21. Rb1 Rea8 22. Rb7 exd4 23. Qxd4 Qf5 24. h3 Ne5 25. e4 dxe4 26. Qxe4 Qc8 1/2-1/2

[Event "GER-ch34 V08 email"]
[Site "GER email"]
[Date "2002.03.23"]
[Round "?"]
[White "Bommhardt, Harry"]
[Black "Baron, Marek"]
[Result "0-1"]
[WhiteElo "2194"]
[BlackElo "1989"]
[PlyCount "111"]
[EventDate "2002.??.??"]
[EventType "tourn (corr)"]
[EventRounds "9"]
[EventCountry "GER"]
[SourceTitle "Corr 2011"]
[Source "ChessBase"]
[SourceDate "2010.08.31"]
[SourceVersion "1"]
[SourceVersionDate "2010.08.31"]
[SourceQuality "1"]

1. e4 c5 2. Nf3 d6 3. Bb5+ Bd7 4. Bxd7+ Qxd7 5. c4 Nf6 6. Nc3 Nc6 7. d4 cxd4 8. Nxd4 g6 9. f3 Bg7 10. Be3 Rc8 11. b3 h5 12. Qd2 h4 13. h3 Qc7 14. Ncb5 Qd8 15. Rd1 a6 16. Nxc6 bxc6 17. Nc3 Qa5 18. c5 Nd7 19. Na4 Qxd2+ 20. Rxd2 Nxc5 21. Nxc5 dxc5 22. Ke2 c4 23. bxc4 Rb8 24. Rhd1 f5 25. exf5 gxf5 26. Rd7 Rb2+ 27. R1d2 Rxd2+ 28. Rxd2 Bf6 29. Bb6 Kf7 30. Rd7 Rb8 31. c5 Ke6 32. Ra7 Kd5 33. Rxa6 Bd4 34. Ra7 e5 35. Rd7+ Kc4 36. Rd8 Rb7 37. Rf8 Rg7 38. Kf1 e4 39. Rxf5 e3 40. Rf4 Kd3 41. Re4 Rb7 42. g4 hxg3 43. Re6 Rg7 44. Kg2 e2 45. Ba5 Ra7 46. Be1 Rxa2 47. Kxg3 Ra1 48. Bb4 Rg1+ 49. Kh2 Rb1 50. Ba5 Bxc5 51. Rxc6 Bb4 52. Bxb4 Rxb4 53. Re6 Rb1 54. Kg3 e1Q+ 55. Rxe1 Rxe1 56. h4 0-1